000 00492nam a2200157Ia 4500
008 210719s2000 xx 000 0 und d
041 _aeng
082 _a384.5 LOBK
100 _aLOBO (Roman Deepchandra)
245 _aKrishiranga programmes and its effect on rural people
260 _aMangalore
_bSt Aloysius College
_c2000
300 _a41
_bHB
650 _aProject Reports
650 _aProject Reports
906 _aand ; effect ; its ; Krishiranga ; on ; people ; programmes ; rural
999 _c215090
_d215090